Normas ambientales: dictadas bajo la ley de bases del medio ambiente N§ 19.300
Saved in:
| Institution som forfatter: | |
|---|---|
| Format: | Bog |
| Sprog: | spansk |
| Udgivet: |
Santiago
CONAMA
2003
|
| Fag: | |
| Tags: |
Tilføj Tag
Ingen Tags, Vær først til at tagge denne postø!
|
MARC
| LEADER | 00000nam a2200000 a 4500 | ||
|---|---|---|---|
| 001 | UCK4781 | ||
| 003 | CL-VaPUC | ||
| 008 | 050624e20030000CL |||||||||||||||||spa|d | ||
| 082 | 0 | 4 | |a 344.83046 |b COM |2 21 |
| 110 | 2 | |a Comisión Nacional del Medio Ambiente |e author |9 493347 | |
| 245 | 1 | 0 | |a Normas ambientales: dictadas bajo la ley de bases del medio ambiente N§ 19.300 |
| 300 | |a 190 p | ||
| 942 | |c BK | ||
| 945 | |d 20050624 00:00:00 |a cmena | ||
| 260 | |a Santiago |b CONAMA |c 2003 | ||
| 650 | 0 | |a Impacto ambiental |9 262796 | |
| 650 | 7 | |a CONTAMINACION INDUSTRIAL |2 CL-VaPUC |9 261690 | |
| 650 | 0 | |a Contaminación atmosférica |9 262775 | |
| 650 | 0 | |a Protección del medio ambiente |9 257626 | |
| 650 | 0 | |a Derecho ambiental |9 257835 | |
| 650 | 7 | |a CONTAMINACION HIDRICA |2 CL-VaPUC |9 493348 | |
| 650 | 7 | |a CONTAMINACION ACUSTICA |2 CL-VaPUC |9 262853 | |
| 650 | 7 | |a CONTAMINACION LUMINICA |2 CL-VaPUC |9 493349 | |
| 650 | 0 | |a Jurisprudencia |9 255952 | |
| 650 | 0 | |a Normalización |9 262666 | |
| 583 | |a last modification |c 20050624 00:00:00 |k Rodrigo Vera | ||
| 999 | |c 313525 |d 313523 | ||
| 952 | |0 0 |1 0 |4 0 |6 344_830460000000000_COM_2003 |7 0 |8 F |9 384930 |a BIBING |b BIBING |d 2019-11-22 |i 4137353 |o 344.83046 COM 2003 |p 4137353 |r 2025-01-20 |w 2019-11-22 |y BK_F |k CCL | ||